Doctor Who Post-Regeneration Stories - Statistics

General Stats
  • This quiz has been taken 12 times
  • The average score is 8 of 11
Answer Stats
Doctor When Answer % Correct
8th Doctor 1996 Doctor Who: The Television Movie
82%
4th Doctor 1974-1975 Robot
82%
3rd Doctor 1970 Spearhead from Space
82%
10th Doctor 2005 The Christmas Invasion
82%
11th Doctor 2010 The Eleventh Hour
82%
2nd Doctor 1966 The Power of the Daleks
73%
6th Doctor 1984 The Twin Dilemma
73%
13th Doctor 2018 The Woman Who Fell to Earth
73%
7th Doctor 1987 Time and the Rani
73%
12th Doctor 2014 Deep Breath
64%
5th Doctor 1982 Castrovalvla
0%
No matching quizzes found
Score Distribution
Percent of People with Each Score
Percentile by Number Answered
Your Score History
You have not taken this quiz